00623nam a2200169Ia 4500008004100000020001800041082001900059100003100078245009400109250001000203260002400213300001100237500004800248650004700296952009300343999001700436120622s9999 xx 000 0 und d a968-432-907-5 a478 H565m 1984 aHerrera Zapién, Tarcisio aMétodo de latín en frases célebres de ciencias y letras / Tarcisio Herrera Zapién a2a ed aMéxico : Porrúa a330 p. aIncluye breve diccionario latín-español a1. LATIN - ENSEÑANZA \ 2. ETIMOLOGIASÌ 00104070a01b01d2007-01-25l0o478 H565M 1984p01 002925r2012-06-24w2012-06-24yLB c58595d58595